Statistiques concernant Wortschatz 1

Cliquez ici pour prendre le quiz!

Statistiques générales

  • Ce quiz a été pris 2 fois
  • Le résultat moyen est 6 sur 99

Statistiques - réponses

FrançaisAllemand% Correct
Plus tôtfrüher
100%
L’ombreDer Schatten,-
50%
Le murDie Mauer,-n
50%
L’escalierDie Treppe, n
50%
durablenachhaltig
50%
Offrir un cadeauSchenken
50%
envoyerSchicken
50%
Envoyer à ...Schicken an
50%
stableStabil
50%
dessinerZeichnen
50%
D'abordzuerst
50%
démolirAbreissen
0%
Travailler sur ...Arbeiten an
0%
Sur le chantierAuf der Baustelle
0%
Génie civilBauwesen
0%
Etre impressionnerBeeindruckt
0%
La fondationDas Fundament, e
0%
La prisonDas Gefängnis
0%
Les eaux souterrainesDas Grundwasser
0%
C'est beaucoup trop tardDas ist viel zu spät
0%
L'étageDas Stockwerk, e
0%
Les études (tertiaires)Das Studium
0%
L’eau potableDas Trinkwasser
0%
La démolitonDer Abriss, -
0%
ExcavationDer Aushub,-e
0%
La grueDer Baukran, die Baukräne
0%
Le plan d’armatureDer Bewehrungsplan, -äne
0%
L'impressionDer Drucker
0%
La raisonDer Grund, Gründe
0%
Le plan de situationDer Lageplan, Die Lagepläne
0%
Le maçonDer Maurer,-
0%
Le micropieuDer Mikropfahl, -fähle
0%
Le contremaîtreDer Polier, e
0%
Le plan de coffrageDer Schalungsplan, -äne
0%
Le jambonDer Schinken
0%
La coupeDer Schnitt, e
0%
L’acierDer Stahl
0%
Le béton arméDer Stahlbeton
0%
Construction de routeDer Strassenbau, -ten
0%
La filièreDer Studiengang, gänge
0%
Le rendez-vous professionnelDer Termin, e
0%
La tourDer Turm
0%
Le gratte-cielDer Wolkenkratzer, -
0%
L’accèsDer Zugang, die Zugänge
0%
Le départementDie Abteilung, en
0%
La condition de travailDie Arbeitsbedingung,-en
0%
Le remblaisDie Aufschüttung,en
0%
La formationDie Ausbildung,en
0%
L’entreprise de constructionDie Baufirma
0%
Séance du chantierDie Bausitzung,en
0%
Le chantierDie Baustelle,n
0%
Le chantierDie Baustelle,-n
0%
L’armatureDie Bewehrung, die Armierung
0%
Le radierDie Bodenplatte
0%
Le forageDie Bohrung, -en
0%
Le terassementDie Erdarbeiten
0%
Énergie renouvableDie erneuerbare Energie
0%
Le délaiDie Frist, -en
0%
L'apprentissageDie Lehre
0%
La conduiteDie Leitung, en
0%
La sécuritéDie Sicherheit,-en
0%
La marcheDie Stufe, n
0%
Le pilierDie Stütze, n
0%
Le mur de soutènementDie Stützmauer, n
0%
L’activitéDie Tätigkeit, en
0%
la conduite d’eauDie Wasserleitung
0%
La conduite d’eauDie Wasserleitung, -en
0%
L'appartementDie Wohnung, en
0%
appuyerdrücken
0%
Poser les fersEisen legen
0%
Er berechnet, berechnete, hat berechnet
0%
Er hilft bei, half bei, hat geholfen bei
0%
Er kümmert sich um, kümmerte sich um, hat sich gekümmert
0%
Er reisst ab, riss ab, hat abgerissen
0%
Er schickt, schickte, hat geschickt
0%
Er stellt her, stellte her, hat hergestellt
0%
Er vereinbart, vereinbarte, hat vereinbart
0%
Er zeichnet, zeichnete, hat gezeichnet
0%
C’est pour une réparation (Il s’agit de)Es geht um eine Reparatur
0%
Il n’y a pas de quoiGern geschehen
0%
Les activités principalesHaupttätigkeiten
0%
Aider à ...Helfen bei
0%
Produire, fabriquerHerstellen
0%
Être en missionIm Einsatz sein
0%
À mon avisMeiner Meinung nach
0%
calculerRechnen oder berechnen + Akk
0%
PluvieuxRegnerisch
0%
S’occuper de ...Sich kümmern um
0%
Téléphoner à …Telefonieren mit
0%
Être responsable de ...Verantwortlich sein für
0%
Fixer un rendez-vousVereinbaren
0%
Poser (horizontalement, dans le sol)Verlegen, verlegt, verlegte, hat verlegt
0%
PolluerVerschmutzen
0%
préfabriquévorgefertigt
0%
Que puis-je faire pour vous ?Was kann ich für Sie tun ?
0%
RecyclerWiederverwerten
0%
D'où provient le problème ?Wo liegt das Problem ?
0%
De quoi s’agit-il ?Worum geht es ?
0%
Collaborer avec ...Zusammenarbeiten mit
0%

Distribution des résultats

Percentile par nombre de réponses

% des personnes avec chaque résultat

Votre développement - résultats

Vous n’avez pas pris ce quiz